Asia Pacific Regional Overview (Record no. 119164)
[ view plain ]
| 000 -LEADER | |
|---|---|
| fixed length control field | 00930cas a22002295a 4500 |
| 001 - CONTROL NUMBER | |
| control field | L142363 |
| 008 - FIXED-LENGTH DATA ELEMENTS--GENERAL INFORMATION | |
| fixed length control field | 080208c xxkfr w ss 0 a0eng d |
| 035 ## - SYSTEM CONTROL NUMBER | |
| System control number | (Sirsi) u142363 |
| 041 0# - LANGUAGE CODE | |
| Language code of text/sound track or separate title | eng |
| 050 ## - LIBRARY OF CONGRESS CALL NUMBER | |
| Classification number | 333.337 $2 18 |
| 110 2# - MAIN ENTRY--CORPORATE NAME | |
| Corporate name or jurisdiction name as entry element | NAI Global |
| 9 (RLIN) | 5315 |
| 245 00 - TITLE STATEMENT | |
| Title | Asia Pacific Regional Overview |
| Medium | [electronic resource] |
| 260 ## - PUBLICATION, DISTRIBUTION, ETC. | |
| Place of publication, distribution, etc. | [S.l.] |
| Name of publisher, distributor, etc. | NAI Global |
| Date of publication, distribution, etc. | [200-?]- |
| 510 2# - CITATION/REFERENCES NOTE | |
| Name of source | Knowledge Alert |
| Location within source | 2006- |
| 520 ## - SUMMARY, ETC. | |
| Summary, etc. | This publication offers a guide to NAI Global's capabilities and offices in the Asia Pacific region. It provides detailed market reports on key cities and countries across the region. |
| 554 ## - | |
| -- | Two per year |
| 650 24 - SUBJECT ADDED ENTRY--TOPICAL TERM | |
| Topical term or geographic name entry element | NAI GLOBAL ASIA PACIFIC REGIONAL OVERVIEW |
| 651 #4 - SUBJECT ADDED ENTRY--GEOGRAPHIC NAME | |
| Geographic name | Asia Pacific |
| 690 ## - LOCAL SUBJECT ADDED ENTRY--TOPICAL TERM (OCLC, RLIN) | |
| Topical term or geographic name as entry element | PROPERTY-COMMERCIAL PROPERTY-COMMERCIAL PROPERTY MARKET |
| 856 40 - ELECTRONIC LOCATION AND ACCESS | |
| Uniform Resource Identifier | <a href="https://www.naiglobal.com /">https://www.naiglobal.com /</a> |
| -- | iew the report free of charge at (may require registration) at www.naiglobal.com... |
| 942 ## - ADDED ENTRY ELEMENTS (KOHA) | |
| Suppress in OPAC | 0 |
| Withdrawn status | Lost status | Source of classification or shelving scheme | Damaged status | Not for loan | Home library | Current library | Shelving location | Date acquired | Total Checkouts | Full call number | Barcode | Date last seen | Price effective from | Koha item type |
|---|---|---|---|---|---|---|---|---|---|---|---|---|---|---|
| Dewey Decimal Classification | Virtual | Virtual | Online | 08/02/2008 | ONLINE PUBLICATION | 142363-1001 | 06/08/2019 | 06/08/2019 | Journal |